Методическое письмо. №28: Наиболее частые ошибки в практике ВТЭ больных туберкулезом легких и пути их устранения (Запись № 2719520)

Подробности
000 -МАРКЕР
контрольное поле 01620nam2a22002531 4500
001 - ИДЕНТИФИКАТОР ЗАПИСИ
контрольное поле RU\NLR\INFOCOMM31\1000042893
005 - ИДЕНТИФИКАТОР ВЕРСИИ
контрольное поле 20250617061604.0
035 ## - ДРУГИЕ СИСТЕМНЫЕ НОМЕРА
Идентификатор записи (NLR Aleph) 002515759
100 ## - ДАННЫЕ ОБЩЕЙ ОБРАБОТКИ
Данные общей обработки 20040412d1967 |||y0rusy50 ca
101 0# - ЯЗЫК РЕСУРСА
Язык текста, звукозаписи и т.д. русский
102 ## - СТРАНА ПУБЛИКАЦИИ ИЛИ ПРОИЗВОДСТВА
Страна публикации российская федерация
105 ## - ПОЛЕ КОДИРОВАННЫХ ДАННЫХ: ТЕКСТОВЫЕ МАТЕРИАЛЫ, МОНОГРАФИЧЕСКИЕ
Кодированные данные о монографическом текстовом документе y |||||||||
200 1# - ЗАГЛАВИЕ И СВЕДЕНИЯ ОБ ОТВЕТСТВЕННОСТИ
Основное заглавие Наиболее частые ошибки в практике ВТЭ больных туберкулезом легких и пути их устранения
Первые сведения об ответственности Н.В. Татарский
210 ## - ПУБЛИКАЦИЯ, РАСПРОСТРАНЕНИЕ И ДР.
Дата издания, распространения и т.д. 1967
Место издания, распространения и т.д. Б. м.
461 #0 - УРОВЕНЬ НАБОРА
Встроенное поле 001RU\NLR\INFOCOMM31\1000042865
-- 2001#$aМетодическое письмо$fМ-во соц. обесп. РСФСР. Упр. врач.-труд. экспертизы. Ленингр. науч.-исслед. ин-т экспертизы трудоспособности и трудоустройства инвалидов$v№28
Системный номер (АБИС) связанной записи 2719401
Автор Ленинградский научно-исследовательский институт экспертизы трудоспособности и трудоустройства инвалидов
Место публикации Л.
Дата публикации 1957-
Первые сведения об ответственности М-во соц. обесп. РСФСР. Упр. врач.-труд. экспертизы. Ленингр. науч.-исслед. ин-т экспертизы трудоспособности и трудоустройства инвалидов
Заглавие Методическое письмо
Номер тома №28
700 #1 - ИМЯ ЛИЦА - ПЕРВИЧНАЯ ОТВЕТСТВЕННОСТЬ
Начальный элемент ввода Татарский
Часть имени, кроме начального элемента ввода Н.В.
Код отношения Автор
801 #1 - ИСТОЧНИК ЗАПИСИ
Страна российская федерация
Организация InfoComm
Дата составления 20040412
801 #0 - ИСТОЧНИК ЗАПИСИ
Страна российская федерация
Организация NLR
Правила каталогизации PSBO
852 ## - МЕСТОНАХОЖДЕНИЕ И ШИФР ХРАНЕНИЯ
Идентификатор организации NLR
Шифр хранения (Call Number) П49/137
942 ## - ДОПОЛНИТЕЛЬНЫЕ ЭЛЕМЕНТЫ ЗАПИСИ (АБИС)
Тип экземпляра АБИС Выпуск
980 ## - КОЛЛЕКЦИЯ
Название коллекции Национальная библиография
980 ## - КОЛЛЕКЦИЯ
Название коллекции Русская периодика

Нет доступных экземпляров.